Llwytho...

Approach to Indian anthropology /

Manylion Llyfryddiaeth
Awduron Eraill: Chandrashekara,, P.V
Fformat: Printed Book
Iaith:English
Cyhoeddwyd: New Delhi: Cyber Tech, 2008.
Pynciau:
LEADER 00684cam a2200217ua 4500
008 111216t2008||||||||||| 00 ||eng c
041 0 |a eng 
082 |a 301  |b CHA/A 
245 1 2 |a Approach to Indian anthropology /  
260 |a New Delhi:  |b Cyber Tech,  |c 2008. 
300 |a 248p.. 
362 1 |a 2008. 
650 |a Sociology and anthropology 
650 0 |a Cultural anthropology 
650 0 |a Physical anthropology 
650 0 |a Linguistic anthropology 
650 0 |a Archaeology 
700 0 2 |a Chandrashekara,, P.V. 
942 |c BK 
999 |c 31501  |d 31501 
952 |0 0  |1 0  |4 0  |6 301_000000000000000_CHA  |7 0  |9 33372  |a KUCL  |b KUCL  |d 2014-05-23  |l 1  |o 301 CHA/  |p 27999  |r 2019-09-05  |s 2019-08-27  |w 2014-05-23  |y BK